[Event "Skilling Open CCT 2021"]
[Site "Online"]
[Date "2020.11.19"]
[Round "6.1"]
[White "Vachier-Lagrave, Maxime"]
[Black "Anton Guijarro, David"]
[Result "1-0"]
[WhiteElo "2860"]
[BlackElo "2667"]
[Annotator "TA"]
[PlyCount "107"]
[EventDate "2020.11.20"]
[EventType "tourn"]
[EventCountry "NET"]
[Tiebreak "Koya+Number of black wins+Number of wins"]
[SourceTitle "playchess.com"]
[Source "ChessBase"]
[SourceQuality "1"]

{[%evp 24,107,18,7,15,10,0,6,33,9,7,0,41,41,49,44,45,27,67,49,62,56,92,86,99,
109,354,322,298,136,139,133,285,158,155,149,147,143,143,143,148,139,158,133,
163,162,152,110,112,108,108,104,112,97,179,131,250,250,250,264,289,281,272,292,
265,255,359,354,410,415,406,380,378,375,380,373,385,387,399,367,505,498,585,
571,562,561]} 1. e4 e5 2. Nf3 Nc6 3. Bb5 a6 4. Ba4 Nf6 5. O-O Nxe4 6. d4 b5 7.
Bb3 d5 8. dxe5 Be6 9. Qe2 Be7 10. Nbd2 Nc5 11. c3 O-O 12. Rd1 Qd7 13. Bc2 Bf5 {
C83: Open Ruy Lopez: 9 c3 Be7.} 14. Nf1 {[%cal Bd2f1,Bf1e3,Be3f5,Bf5d4][%mdl
32]} Bxc2 15. Qxc2 {[#]} Qe6 $146 {The position is equal.} ({Predecessor:} 
15... f6 16. Ne3 Nxe5 17. Nxe5 fxe5 18. Nxd5 Bd6 19. Be3 Qf7 20. c4 bxc4 21.
Qxc4 Ne6 22. Nc3 Nc5 23. Qxf7+ Rxf7 {1/2-1/2 (50) Radtke,E-Scheerer,H
Langenwang 1994}) 16. Nd4 Qd7 17. Nf3 Qe6 18. Bf4 Rad8 19. Ne3 Rfe8 20. h3 Na4
21. b3 Nb6 $1 22. Rd2 Nb8 23. Nf5 Bf8 24. Re1 $36 {[%mdl 2048] Black is under
strong pressure.} c6 $2 {[#]} (24... Nc6 $16) 25. N5d4 Qg6 26. e6 (26. Qd1 $18
{is more deadly. And now Nh4 would win.} Qh5 27. e6 fxe6 28. Bc7 (28. Rxe6 Rxe6
29. Nxe6 Rc8 $16) (28. Nxe6 Rc8 $16)) 26... Qxc2 $16 27. Rxc2 Na8 $2 (27... c5
$16) 28. Bxb8 ({White should try} 28. Rce2 $18 {Hoping for exf7+.} fxe6 29.
Rxe6 Rxe6 30. Nxe6) 28... Rxb8 29. Nxc6 Rbc8 30. exf7+ Kxf7 {[#] aiming for ...
Rxe1+.} 31. Rxe8 Rxe8 32. Kf1 Rc8 33. Nfd4 Nb6 34. Nb4 Bc5 35. Rd2 Bxd4 36.
cxd4 {[%mdl 4096] Endgame KRN-KRN} a5 37. Nd3 Rc3 38. Ke2 a4 (38... Na8 $16 {
might work better.}) 39. Nc5 Ke7 (39... Nc8 $16 40. bxa4 bxa4 41. Nxa4 Ra3) 40.
Kd1 $18 axb3 41. axb3 Nd7 42. Re2+ Kd8 43. Ne6+ Ke7 44. Nxg7+ Kf6 (44... Kf7
$142 45. Nf5 Rxb3) 45. Ne8+ Kf7 46. Nd6+ Kf6 47. Nxb5 Rxb3 48. Nc7 Nb6 49. Re5
Nc4 50. Nxd5+ Kg6 51. Re2 Rd3+ 52. Kc2 {White is clearly winning.} Rxd4 53.
Ne7+ Kf7 54. Kc3 {Weighted Error Value: White=0.15/Black=0.28} 1-0

[Event "Skilling Open CCT 2021"]
[Site "Online"]
[Date "2020.11.19"]
[Round "6.2"]
[White "Firouzja, Alireza"]
[Black "Radjabov, Teimour"]
[Result "0-1"]
[WhiteElo "2703"]
[BlackElo "2758"]
[Annotator "TA"]
[PlyCount "44"]
[EventDate "2020.11.20"]
[EventType "tourn"]
[EventCountry "NET"]
[Tiebreak "Koya+Number of black wins+Number of wins"]
[SourceTitle "playchess.com"]
[Source "ChessBase"]
[SourceQuality "1"]

{[%evp 9,44,4,10,-17,-1,-11,-2,-7,-12,-24,-27,-22,-12,-20,-39,-31,-34,-37,-36,
-61,-52,-83,-112,-158,-146,-140,-144,-194,-197,-390,-399,-416,-412,-389,-398,
-418,-396]} 1. e4 e5 2. Nf3 Nc6 3. Nc3 Nf6 4. h3 Bb4 5. Bd3 d6 6. Ne2 {C47:
Scotch Four Knights and Four Knights with 4 g3.} O-O {[#]} 7. O-O $146 ({
Predecessor:} 7. c3 Bc5 8. Bc2 d5 9. exd5 Qxd5 10. Ng3 e4 11. Nh2 e3 12. f3 Qe5
13. Ne2 exd2+ 14. Bxd2 Re8 15. Bd3 {0-1 (15) Raththinaraajah,P (1354)-Meinert,
D (1598) Germany 2017}) 7... Re8 8. c3 {The position is equal.} d5 9. exd5 Qxd5
10. Bc2 {[#] Black must now prevent Bb3.} e4 11. Ne1 Bd6 {Threatens to win
with ...Qh5.} 12. d4 exd3 13. Nxd3 Bf5 14. Nef4 Qc4 $40 {[%mdl 128] Hoping for
...Rad8. Black attacks.} 15. Bb3 Qa6 16. Nb4 Nxb4 17. cxb4 Rad8 ({Much weaker
is} 17... Bxb4 $6 18. Bxf7+ Kxf7 19. Qb3+ Be6 20. Qxb4 $11) 18. Qf3 Bxb4 {
[#] Strongly threatening ...Qxf1+!} 19. Bxf7+ $2 (19. Be3 {is the only way for
White.}) 19... Kxf7 $19 {Black is winning.} 20. Qb3+ Be6 21. Nxe6 Rxe6 22. Be3
Be7 {White did not feel at home in the position after the opening.  Weighted
Error Value: White=0.30/Black=0.03} 0-1

[Event "Skilling Open CCT 2021"]
[Site "Online"]
[Date "2020.11.19"]
[Round "6.3"]
[White "Aronian, Levon"]
[Black "Carlsen, Magnus"]
[Result "1/2-1/2"]
[WhiteElo "2778"]
[BlackElo "2881"]
[Annotator "TA"]
[PlyCount "107"]
[EventDate "2020.11.20"]
[EventType "tourn"]
[EventCountry "NET"]
[Tiebreak "Koya+Number of black wins+Number of wins"]
[SourceTitle "playchess.com"]
[Source "ChessBase"]
[SourceQuality "1"]

{[%evp 9,107,36,44,44,43,31,41,31,37,20,34,15,14,11,19,10,12,0,9,16,37,25,31,
28,33,20,35,25,39,37,49,49,56,51,55,42,50,7,40,0,0,0,44,45,45,0,0,-64,0,0,0,0,
0,0,0,0,0,0,0,0,0,0,0,0,0,0,0,0,0,0,0,0,0,0,0,0,0,0,0,0,0,0,0,0,0,0,0,0,0,0,0,
0,0,0,0,0,0,0,0,0]} 1. d4 Nf6 2. c4 e6 3. Nf3 d5 4. Nc3 h6 (4... Bb4 5. e3 O-O
6. Bd2 b6 7. cxd5 exd5 8. Rc1 Re8 9. Bd3 Ba6 10. Bxa6 Nxa6 11. O-O Bf8 12. Ne2
Qc8 13. Qa4 c5 14. Ng3 Qb7 15. dxc5 Nxc5 {1/2-1/2 (30) Aronian,L (2767)
-Carlsen,M (2863) Stavanger 2020}) 5. g3 Nc6 6. Bg2 {D37: Queen's Gambit
Declined: 5 Bf4.} Bd6 7. O-O O-O 8. b3 {White is slightly better.} b6 {[#]} 9.
Nb5 $146 ({Predecessor:} 9. Bb2 Bb7 10. e3 dxc4 11. bxc4 Qe7 12. Rb1 Na5 13. c5
bxc5 14. Qa4 cxd4 15. Nb5 {1/2-1/2 (25) Herriot,B (2199)-Mcatear,A ICCF email
2019}) 9... Ba6 10. Nxd6 (10. Bb2 {keeps more tension.} Ne7 11. a4 Bb4 12. Ne5
Bb7 13. e3) 10... cxd6 11. cxd5 exd5 12. Ba3 Qd7 13. Rc1 Rac8 14. Re1 Ne7 15.
Nd2 Rxc1 16. Qxc1 Rc8 17. Qb1 (17. Qb2 {feels hotter.} h5 18. Nf1 Qe6 19. Ne3
h4 20. Rc1) 17... Bb7 18. Rc1 Rxc1+ 19. Qxc1 Ba6 20. e3 Bb5 21. Qc2 a5 22. h3
Ba6 23. g4 b5 24. Bb2 b4 25. a3 Qc6 (25... Ng6 {is more complex.} 26. Nf3 Ne4
27. axb4 axb4 28. Nd2 Nf6) 26. Qxc6 Nxc6 27. axb4 axb4 28. f3 ({White should
try} 28. Bf1 $11 Bxf1 29. Kxf1) 28... Na5 (28... Bd3 $15) 29. Bf1 $1 $11 {
[%cal Rf1a6] The position is equal.} Bxf1 30. Kxf1 {[%mdl 4096] Endgame KBN-KNN
} Kf8 31. Ke2 Ke7 32. Kd3 Ke6 33. Kc2 Nh7 34. h4 g5 35. h5 f5 {White must now
prevent ...fxg4.} 36. Nf1 $1 fxg4 37. fxg4 Nf6 38. Nh2 Kd7 39. Bc1 Kc6 40. Bd2
Kb5 41. Be1 Nc6 42. Kd3 Ne7 (42... Na5 $5 43. Kc2 $8 Ne4 $11) 43. Kc2 Neg8 44.
Kd3 Ne4 45. Kc2 Ngf6 46. Kd3 Nc3 47. Bxc3 bxc3 48. Kxc3 {KN-KN} Ka5 49. Kc2 Kb4
50. Kb2 Ne4 51. Nf3 Nf6 52. Nh2 Ne4 53. Nf3 Nf6 54. Nh2 {Weighted Error Value:
White=0.08/Black=0.05} 1/2-1/2

[Event "Skilling Open CCT 2021"]
[Site "Online"]
[Date "2020.11.19"]
[Round "6.4"]
[White "Duda, Jan-Krzysztof"]
[Black "Nepomniachtchi, Ian"]
[Result "0-1"]
[WhiteElo "2774"]
[BlackElo "2778"]
[Annotator "TA"]
[PlyCount "60"]
[EventDate "2020.11.20"]
[EventType "tourn"]
[EventCountry "NET"]
[Tiebreak "Koya+Number of black wins+Number of wins"]
[SourceTitle "playchess.com"]
[Source "ChessBase"]
[SourceQuality "1"]

{[%evp 18,60,24,0,0,8,17,0,0,-5,-12,-22,-36,-39,-40,-56,-46,-41,-26,-31,0,0,0,
-193,-188,-272,-272,-270,-262,-270,-272,-269,-274,-271,-272,-276,-277,-264,
-254,-326,-325,-360,-353,-29978,-29979]} 1. d4 Nf6 2. c4 g6 3. Nc3 d5 4. cxd5
Nxd5 5. e4 Nxc3 6. bxc3 Bg7 7. Be3 c5 8. Nf3 Qa5 9. Qd2 Bg4 10. Rc1 Bxf3 {
D85: Exchange Grünfeld: Unusual White 7th moves and lines with 7 Nf3.} 11. gxf3
e6 12. Rb1 {[#]} a6 $146 {The position is equal.} ({Predecessor:} 12... cxd4
13. cxd4 Qxd2+ 14. Kxd2 O-O 15. e5 Nc6 16. f4 Rad8 17. Kc3 Rd7 18. Bb5 Rc8 {
1/2-1/2 (18) Myo,N (2425)-Aung,A (2524) Bangkok 2004}) 13. Rxb7 Nc6 14. f4 (14.
dxc5 $2 Bxc3 15. Be2 Bxd2+ $19) 14... O-O 15. Bg2 ({Wrong is} 15. dxc5 $2 Bxc3
16. f3 Nd4 $19) 15... Rab8 16. Rb3 Rxb3 17. axb3 cxd4 18. cxd4 Qb5 19. e5 Rc8
20. d5 $2 (20. Be4 $11 {and White has nothing to worry.}) 20... Nb4 $19 21. Qe2
{[#]} (21. Be4 $142 Nxd5 22. Bd3 Qxb3 23. O-O) 21... Nc2+ $1 {[%mdl 64]
Discovered Attack} ({Inferior is} 21... Nxd5 22. Qxb5 axb5 23. Bxd5 $14) 22.
Kf1 Qxb3 {( -> ...Qb1+)} 23. Kg1 Nxe3 (23... exd5 24. h4 $17) 24. Qxe3 Rc3 25.
Qe2 Rc1+ ({Don't do} 25... exd5 26. e6 $19) 26. Bf1 Qxd5 27. h4 Bh6 28. h5 {
intending hxg6.} Bxf4 29. hxg6 hxg6 30. Qxa6 $2 {[#]} (30. Rh3 $19) 30... Qf3 {
Weighted Error Value: White=0.75/Black=0.03} 0-1

[Event "Skilling Open CCT 2021"]
[Site "Online"]
[Date "2020.11.19"]
[Round "6.5"]
[White "Ding, Liren"]
[Black "Svidler, Peter"]
[Result "1/2-1/2"]
[WhiteElo "2836"]
[BlackElo "2742"]
[Annotator "TA"]
[PlyCount "137"]
[EventDate "2020.11.20"]
[EventType "tourn"]
[EventCountry "NET"]
[Tiebreak "Koya+Number of black wins+Number of wins"]
[SourceTitle "playchess.com"]
[Source "ChessBase"]
[SourceQuality "1"]

{[%evp 9,137,16,29,29,29,37,26,10,19,11,2,0,0,0,0,0,0,-8,-9,0,6,-11,20,0,-9,
-21,-12,-8,-17,-21,-19,-25,-3,-18,0,-15,0,-9,0,0,0,-17,0,-19,-3,-19,-8,-55,-45,
-69,-53,-69,-24,-59,-55,-97,-89,-88,-88,-89,-89,-74,-75,-81,-108,-93,-34,-34,
-34,-34,-31,-32,-39,-373,-360,-573,-536,-912,-875,-888,-777,-889,-791,-702,
-442,-1057,-1057,-1057,-1057,-1042,-32,-32,-32,-32,-32,-32,-32,-32,-32,-32,-32,
-32,-32,-32,-32,-32,-32,-32,-17,-17,0,0,0,0,8,8,0,0,0,0,0,0,0,0,0,0,0,0,0,0]} 
1. d4 Nf6 2. c4 g6 3. Nf3 Bg7 4. e3 O-O 5. Be2 d5 6. cxd5 {E60: King's Indian:
Unusual lines and Fianchetto Variation without Nc3.} Nxd5 7. e4 Nb6 8. O-O {
White has an edge.} Bg4 9. Nbd2 e5 10. Nxe5 {[%mdl 64] Discovered Attack} Bxe2
11. Qxe2 Qxd4 12. Ndf3 Qb4 13. Bf4 Re8 14. Rfe1 Na6 15. a3 {[%cal Ba2a3,Ba3a4,
Ba4a5][%mdl 32]} Qe7 {[#]} 16. a4 $146 ({Predecessor:} 16. Rac1 Nc5 17. Qb5 Ne6
18. Bg3 c6 19. Qa5 Ng5 20. Nxg5 Bxe5 21. Qxe5 Qxe5 22. Bxe5 Rxe5 {0-1 (60)
Poysti,N (2172)-Xiang,Z (2436) Graz 2019}) 16... Nc5 17. a5 Nbd7 {[%cal Rd7e5]}
18. Bg5 Qe6 19. Nxd7 Qxd7 20. e5 $1 Qf5 {White should prevent ...Nd3.} 21. Rad1
Nd7 {[%cal Rd7e5]} 22. Bf4 Rad8 23. g3 Nf8 24. Nd4 Qc8 25. Qc4 h6 26. h4 a6 27.
b4 Qg4 {aiming for ...g5.} 28. Qe2 ({Don't go for} 28. Qxc7 $2 Ne6 $19) 28...
Qxe2 29. Nxe2 Rxd1 30. Rxd1 Ne6 31. Be3 Rd8 32. Rxd8+ Nxd8 $15 {[%mdl 4096]
Endgame KBN-KBN} 33. Nc1 Nc6 34. Nd3 Nxe5 35. Nxe5 Bxe5 36. Bxh6 $17 {KB-KB}
Bc3 37. Bf4 b5 (37... c5 $1 $17 {[%cal Rc5b4]} 38. bxc5 Bxa5) 38. Bxc7 $15 Bxb4
39. Kf1 f5 40. Ke2 Kf7 41. Kd3 $2 {[%mdl 8192]} (41. f3 $1 $15) 41... Ke6 $19
42. Ke2 (42. Bb6 $142 Kd5 43. Bc7) 42... Kd5 43. f3 {[#]} Be7 $1 44. Kd3 b4 {
[%cal Bb5b4,Bb4b3][%mdl 32]} 45. Bf4 Bf6 46. Bd2 b3 47. g4 (47. Be1 $142 Kc6
48. g4) 47... fxg4 48. fxg4 Bxh4 49. Kc3 {[#]} Bd8 $2 (49... b2 $1 $19 {
[%cal Rb2b1][%mdl 512]} 50. Kxb2 Kc4) 50. Kxb3 $15 Kc5 {Hoping for ...Kb5.} 51.
Ka4 $1 Kc4 52. Be3 Be7 53. Bb6 Bd6 54. Bd8 Bf8 55. Bf6 Bc5 56. Bd8 Bf2 57. Bf6
Be1 58. Bd8 Kd3 59. Kb3 {The position is equal.} Ke4 60. Kc4 Kf4 61. g5 {
Cut Off at move 61} Bxa5 62. Bxa5 Kxg5 $11 {KB-KPP} 63. Kc5 Kf5 64. Kb6 g5 65.
Kxa6 g4 66. Bc7 Ke4 67. Bb8 Kf3 68. Bc7 g3 {[#]} 69. Bxg3 $1 {[%mdl 512]
Whites escaped into a draw.  Weighted Error Value: White=0.44/Black=0.21}
1/2-1/2

[Event "Skilling Open CCT 2021"]
[Site "Online"]
[Date "2020.11.19"]
[Round "6.7"]
[White "Karjakin, Sergey"]
[Black "Vidit, Santosh Gujrathi"]
[Result "1-0"]
[WhiteElo "2709"]
[BlackElo "2636"]
[Annotator "TA"]
[PlyCount "99"]
[EventDate "2020.11.20"]
[EventType "tourn"]
[EventCountry "NET"]
[Tiebreak "Koya+Number of black wins+Number of wins"]
[SourceTitle "playchess.com"]
[Source "ChessBase"]
[SourceQuality "1"]

{[%evp 14,99,18,7,12,8,17,9,23,0,2,0,0,0,17,3,3,2,8,-43,-51,-55,-44,-87,-50,
-57,-46,-59,-68,-77,-69,-83,-39,-45,-39,-35,0,-15,0,-49,-24,-45,-59,-77,-66,
-71,-83,-82,-83,-92,-84,-88,-79,-77,-15,-19,0,0,0,0,77,11,74,75,134,129,139,
143,141,137,151,117,125,98,200,203,201,175,167,70,146,129,6470,6411,29994,
29995,29995,29996]} 1. e4 e5 2. Nf3 Nc6 3. Bc4 Bc5 4. O-O Nf6 5. d3 d6 6. c3
O-O 7. h3 {Recently 7.Re1 got a lot of attention.} h6 8. Nbd2 a5 {C54: Giuoco
Piano: 4 c3 Nf6, main lines with 5 d4 and 5 d3.} 9. Re1 Be6 10. Bb5 Bb6 {
The position is equal.} 11. Ba4 Nd7 12. Nf1 f5 13. exf5 Bxf5 14. Ng3 {[#]} Bh7
$146 ({Predecessor:} 14... Bg6 15. Be3 Kh8 16. d4 exd4 17. Nxd4 Nxd4 18. Bxd4
Bxd4 19. cxd4 Nb6 20. Bc2 Qf6 21. Bxg6 Qxg6 {1/2-1/2 (56) Matlakov,M (2401)
-Ponkratov,P (2378) Satka 2005}) 15. d4 exd4 16. Bxc6 (16. cxd4 $11 Nf6 17. Ne2
) 16... bxc6 $15 17. cxd4 a4 18. Qe2 Kh8 19. Be3 Nf6 20. Qc4 Nd5 21. Bd2 Qd7
22. Rac1 Ne7 23. a3 Bg8 24. Qd3 Bh7 25. Qc4 Bg8 26. Qd3 Rf7 27. Re2 Raf8 28.
Rce1 Bh7 29. Qc4 Ng6 $1 30. Nh2 ({But not} 30. Qxa4 $2 Rxf3 31. Ba5 (31. gxf3
$2 Nh4 $19) 31... Bxa5 $19) 30... c5 $1 {[%cal Rc5d4]} 31. d5 Nf4 32. Bxf4 Rxf4
33. Qc3 {aiming for Re7.} R4f7 (33... Qb5 $1 $17 34. Re7 R4f7 35. Rxf7 Rxf7)
34. Ng4 $11 Kg8 {Strongly threatening ...Qb5.} 35. Nh5 $1 {[%cal Rh5g7]} Bg6 {
[#]} 36. Nf4 $1 {[%cal Rf4g6][%mdl 512]} Bf5 ({Reject} 36... Rxf4 $6 37. Re7
$16) (36... Ba5 $1 $11 37. Qxa5 Rxf4) 37. Ne6 ({Better is} 37. Ne3 $1 $16)
37... Ra8 (37... Rb8 $11) 38. Qg3 $1 $36 {[%mdl 2048] Keeping Black busy.} Kh7
{[#]} ({Black should try} 38... Kh8) 39. Qh4 $1 {Threatens to win with Nxg7!}
Kg8 40. Re3 {Black must now prevent Nxh6+!} c4 41. Rf3 Bxg4 42. Qxg4 Rxf3 43.
gxf3 Ra5 (43... Qe7 $16) 44. Qxc4 $18 {Re4 is the strong threat.} Qf7 45. Qe4
Qh5 {[#]} 46. Nf4 (46. Nxg7 $1 $18 Kxg7 47. Qe7+ Qf7 48. Qd8) 46... Qg5+ (46...
Qe5 $1 $14) 47. Kf1 $16 Qe5 $2 {[%mdl 8192] [#]} (47... Ra8 $16) 48. Qg6 $1 $18
Qxf4 49. Re8+ Qf8 50. Qe6+ {Weighted Error Value: White=0.10/Black=0.34} 1-0

[Event "Skilling Open CCT 2021"]
[Site "Online"]
[Date "2020.11.19"]
[Round "6.8"]
[White "Nakamura, Hikaru"]
[Black "Le, Quang Liem"]
[Result "0-1"]
[WhiteElo "2829"]
[BlackElo "2744"]
[Annotator "TA"]
[PlyCount "92"]
[EventDate "2020.11.20"]
[EventType "tourn"]
[EventCountry "NET"]
[Tiebreak "Koya+Number of black wins+Number of wins"]
[SourceTitle "playchess.com"]
[Source "ChessBase"]
[SourceQuality "1"]

{[%evp 19,92,19,12,10,19,19,27,0,7,9,13,12,18,8,22,18,0,0,2,0,12,0,141,152,134,
131,152,144,143,84,89,92,89,70,99,72,41,55,102,0,0,0,0,0,0,-792,-747,-751,-745,
-750,-552,-732,-708,-716,-635,-853,-853,-794,-767,-878,-878,-878,-878,-878,
-878,-878,-823,-812,-804,-783,-774,-773,-751,-1364,-1279]} 1. c4 Nf6 2. Nc3 e5
3. Nf3 Nc6 4. g3 d5 5. cxd5 Nxd5 6. Bg2 Nb6 7. O-O Be7 8. a3 O-O 9. b4 Re8 10.
d3 Bf8 11. Re1 {A29: English Opening: Four Knights Variation with 4 g3.} a5 12.
b5 Nd4 {[#]} 13. Nd2 $146 {White has an edge.} ({Predecessor:} 13. Rb1 Bg4 14.
Nd2 Qc8 15. Nf1 a4 16. Ne3 Be6 17. Ned5 Nxd5 18. Bxd5 c6 19. Bxe6 Rxe6 {
0-1 (33) Dushin,N (1956)-Doshi,M (2222) St Petersburg 2017}) 13... a4 14. Rb1
Ra7 15. e3 Ne6 16. Nf3 Ng5 17. Nxg5 Qxg5 18. Bb2 Be6 19. Ne4 Qd8 20. f4 f5 (
20... exf4 $11 21. exf4 (21. gxf4 h6 $11) 21... h6) 21. Ng5 $16 {And now Qh5
would win.} Ba2 22. Ra1 Bb3 23. Qh5 {[%csl Gg5][%cal Rh5h7]} h6 {[#]} 24. Nf3 (
{Better is} 24. Bh3 $1) 24... exf4 25. gxf4 Ra5 26. Nd4 Bf7 $1 {[%cal Rf7h5]}
27. Qh3 ({Don't play} 27. Qxf5 $6 c5 $11) 27... Nd5 28. Qg3 ({Don't go for} 28.
Qxf5 $2 Nxe3 29. Qh3 Bc5 $19) 28... Qf6 29. Rac1 ({White should play} 29. Rab1
$16) 29... Rxb5 $1 $11 {[%mdl 64] Decoy} 30. Nxb5 Qxb2 {[%mdl 64] Double Attack
} 31. Bxd5 Bxd5 32. Nxc7 $2 {[%mdl 8192] [#]} (32. Rb1 $11 Qc2 33. Rbc1) 32...
Rxe3 $1 $19 {[%mdl 512] Black is clearly winning.} 33. Nxd5 (33. Rxe3 Qxc1+)
33... Rxg3+ 34. hxg3 Qd4+ 35. Ne3 Bxa3 36. Rc4 Qd7 37. Kf2 b5 38. Rc2 b4 39.
Ra1 b3 40. Rxa3 bxc2 41. Nxc2 {[%mdl 4096] Endgame KQ-KRN} Qb5 42. Ke2 Qc5 43.
Ra2 Qd5 44. Rxa4 Qg2+ 45. Kd1 Qxg3 46. Kd2 h5 {What a bad dream for White. 
Weighted Error Value: White=0.50/Black=0.13} 0-1

[Event "Skilling Open CCT 2021"]
[Site "Online"]
[Date "2020.11.19"]
[Round "7.1"]
[White "Le, Quang Liem"]
[Black "Vachier-Lagrave, Maxime"]
[Result "0-1"]
[WhiteElo "2744"]
[BlackElo "2860"]
[Annotator "TA"]
[PlyCount "50"]
[EventDate "2020.11.20"]
[EventType "tourn"]
[EventCountry "NET"]
[Tiebreak "Koya+Number of black wins+Number of wins"]
[SourceTitle "playchess.com"]
[Source "ChessBase"]
[SourceQuality "1"]

{[%evp 11,50,20,14,13,7,2,9,18,8,12,7,15,0,0,54,49,56,39,53,18,50,0,0,4,46,49,
45,45,34,42,48,-16,-13,-12,-12,-182,-183,-438,-427,-29991,-29992]} 1. e4 c5 2.
Nf3 d6 3. d4 cxd4 4. Nxd4 Nf6 5. Nc3 a6 6. g3 e5 7. Nb3 {B91: Sicilian Najdorf:
6 g3.} Be7 8. Bg5 Be6 {[#]} 9. f4 $146 {The position is equal.} ({Predecessor:
} 9. Bxf6 Bxf6 10. h4 O-O 11. Qd2 a5 12. a4 Na6 13. O-O-O Qb6 14. Bb5 Rfd8 15.
Rhe1 {0-1 (55) Rakotomaharo,F (2438)-Di Nicolantonio,L (2408) Paris 2019}) 9...
exf4 10. Bxf4 Nc6 11. Qd2 O-O 12. O-O-O Ne5 (12... Rc8 $11) 13. Nd4 $14 Bd7 14.
Kb1 Rc8 15. h3 b5 16. a3 Qb6 17. g4 b4 18. axb4 Qxb4 19. g5 $1 {[%cal Rg5f6]}
Rxc3 $1 20. gxf6 Rb8 {[%csl Gb8][%cal Rb4b2] [#]} 21. Nb3 ({Better is} 21. Nb5
$1 $14 {[%mdl 512]} Bxb5 (21... axb5 22. Bxe5) 22. Qxc3 Qxc3 23. bxc3 Bxf1+ 24.
Kc1 Bxf6 25. Rhxf1) 21... Rxb3 $40 {[%mdl 128] Black mounts an attack.} 22.
cxb3 {Hoping for Qxb4.} Qxe4+ {[%mdl 64] Double Attack} 23. Ka1 $2 (23. Bd3 $11
{and White stays safe.} Nxd3 24. Qxd3 Qxd3+ 25. Rxd3) 23... Bxf6 $19 (23...
Qxh1 $2 {perishes.} 24. fxe7 Qb7 25. Qxd6 $18) 24. Bg2 $2 (24. Bxe5 Rxb3 25.
Bxf6 (25. Qxd6 $2 Bxe5 26. Qxa6 Bxb2+ 27. Ka2 Rb8 $19) 25... Qa4+ 26. Kb1 Bf5+
27. Bd3 Rxd3 {[%mdl 64] Remove Defender} 28. Qxd3) 24... Nf3 25. Qe3 {[#]} ({
But not} 25. Qxd6 $2 Rxb3 26. Qxf6 gxf6) (25. Rhe1 $19 Qxe1 26. Bxf3 Qxd2 27.
Rxd2) 25... Qc2 $1 {[%mdl 64] Double Attack.  Weighted Error Value: White=0.68/
Black=0.12} 0-1